| 000 | 00372nam a22001337a 4500 | ||
|---|---|---|---|
| 082 |
_a621.56 _bINS _cL-8, P-5 |
||
| 100 |
_aHall, J & E _942147 |
||
| 245 |
_aInstruction book for mobile refrigerating plant _cJ & E Hall |
||
| 260 |
_aEngland _bJ & E Hall Ltd _c1785 |
||
| 300 | _a21.p: | ||
| 526 |
_a0 _b0 _c0 _d621_560000000000000_INS |
||
| 650 |
_aMCE _9379 |
||
| 942 |
_2ddc _cBK |
||
| 999 |
_c546088 _d546088 |
||